| 000 | 00652nam a22002417a 4500 | ||
|---|---|---|---|
| 003 | UA-OsUOA | ||
| 001 | 32588 | ||
| 007 | ta | ||
| 008 | 20050207b un ||||| |||| 00| 0 ukr d | ||
| 100 | _aНижник В. | ||
| 090 |
_a94(7.477).077 _bН60 |
||
| 942 | _cBK | ||
| 040 |
_aUA-OsUOA _bukr _cUA-OsUOA _dUA-OsUOA |
||
| 245 | _aУкраїнська Радянська Соціалістична Республіка | ||
| 300 |
_a130 с. _bІлюстрації |
||
| 955 | _a0 | ||
| 041 | _aukr | ||
| 080 | _a94(7.477).077 | ||
| 260 |
_aКиїв _bДержполітвидав УРСР _c1950 |
||
| 044 | _aUA | ||
| 650 | 7 | _2UDC | |
| 999 |
_c319033 _d319033 |
||